| 000 | 00501cam a2200193ua 4500 | ||
|---|---|---|---|
| 020 |
_a81 239 0472 x _c200.00 |
||
| 041 |
_aeng _h |
||
| 082 |
_a664 _bPOT/FO |
||
| 100 | _aPotter, Norman N . | ||
| 245 |
_aFood science / _cNorman N Potter. _hTextual Documents |
||
| 250 |
_a1 / _b. |
||
| 260 |
_aNewdelhi : _bC B S publishers & distributors , _c1996. |
||
| 300 | _a608 ; . | ||
| 365 | _a200.00 | ||
| 504 | _a | ||
| 700 | 1 | _aHotchkiss, Joseph H . | |
| 942 | _cBK | ||
| 999 |
_c2674 _d2674 |
||